Liners (Record no. 182626)

MARC details
000 -LEADER
campo de control de longitud fija 00921nam a2200241 i 4500
001 - NÚMERO DE CONTROL
campo de control 182626
003 - IDENTIFICADOR DE NÚMERO DE CONTROL
campo de control ES-MaACL
005 - FECHA Y HORA DE LA ÚLTIMA TRANSACCIÓN
campo de control 20231026160711.0
008 - DATOS DE LONGITUD FIJA--INFORMACIÓN GENERAL
campo de control de longitud fija 131007s1999 gw |||| | ger d
020 ## - NÚMERO INTERNACIONAL ESTÁNDAR DEL LIBRO
Número Internacional Estándar del Libro 3-8290-2862-8
100 1# - ENTRADA PRINCIPAL--NOMBRE DE PERSONA
Nombre de persona Fox, Robert.
9 (RLIN) 52028
245 10 - MENCIÓN DEL TÍTULO
Título Liners
Resto del título : the golden age = die groBe Zeit der Ozeanriesen = l'âge d'or des paquebots /
Mención de responsabilidad, etc. text by Robert Fox ; consultant Clive Harvey ; picture research by Alex Linghorn.
260 ## - PUBLICACIÓN, DISTRIBUCIÓN, ETC.
Lugar de publicación, distribución, etc. Köln :
Nombre del editor, distribuidor, etc. Könemann,
Fecha de publicación, distribución, etc. 1999.
300 ## - DESCRIPCIÓN FÍSICA
Extensión 351 p. :
Otras características físicas principalmente il. ;
Dimensiones 26 cn.
500 ## - NOTA GENERAL
Nota general Textos en inglés, alemán y francés.
650 #4 - PUNTO DE ACCESO ADICIONAL DE MATERIA--TÉRMINO DE MATERIA
Término de materia o nombre geográfico como elemento de entrada Transatlánticos-
Subdivisión general Historia.
9 (RLIN) 153550
700 1# - ENTRADA AGREGADA--NOMBRE PERSONAL
Nombre de persona Harvey, Clive.
9 (RLIN) 153548
700 1# - ENTRADA AGREGADA--NOMBRE PERSONAL
Nombre de persona Linghorn, Alex.
9 (RLIN) 153549
710 2# - ENTRADA AGREGADA--NOMBRE DE ENTIDAD CORPORATIVA
Nombre de entidad corporativa o nombre de jurisdicción como elemento de entrada The Hulton Getty Picture Collection.
9 (RLIN) 153551
852 ## - LOCALIZACIÓN
Ubicación ES-MaACL
Número de control de estantería A-12870
itemnumber 189542
Sublocalización o colección R.148901
Ubicación en estantería Depósito 1
Signatura antigua Olim: N-5870
942 ## - ELEMENTOS DE ENTRADA SECUNDARIOS (KOHA)
Fuente del sistema de clasificación o colocación Clasificación decimal universal
Tipo de ítem Koha Libro impreso
Holdings
Estatus retirado Estado de pérdida Fuente del sistema de clasificación o colocación Estado de daño No para préstamo Biblioteca de origen Biblioteca actual Ubicación en estantería Fecha de adquisición Fuente de adquisición Total de préstamos Signatura topográfica completa Código de barras Visto por última vez Precio de reemplazo Tipo de ítem Koha
    Clasificación decimal universal     Biblioteca del Ateneo de Madrid Biblioteca del Ateneo de Madrid Depósito 1 07/10/2013 Donación   A-12870 1191927 23/02/2023 23/02/2023 Libro impreso